Bronie zadymiarzy Brawl stars 2024 - Statystyki

Ogólne statystyki
  • Ten quiz został rozwiązany 273 razy
  • Średni wynik to 23 z 40
Statystyki odpowiedzi
Broń Zadymiarz % Poprawnych
Gitara Poco
94%
Pięści furii El primo
87%
Szalik Edgar
85%
Łuk na wybuchowe strzały Bo
81%
Kilof Carl
80%
Sprej Emz
80%
Butelki z płynem Barley
78%
Kaktusowe granaty Spike
77%
Walizka Pan P
76%
Parasolka Piper
76%
Młot Frank
75%
Łopata Mortis
75%
Pałka Bibi
72%
Rakiety Brock
72%
Skarbonka z monetami Griff
72%
Śrutówka Shelly
72%
Grzyby Cordelius
69%
Ogniowa pałka Amber
67%
Balony Gus
67%
Zatrute sztylety Kruk
66%
Kopnięcie buta Kieł
65%
Dubeltówka Bull
62%
Gwizdek Buzz
60%
Młot pneumatyczny Jacky
60%
Shurikeny Leon
57%
Działko ze śrubkami Pam
56%
Sakiewka z monetami Penny
55%
Mini-miny Tick
51%
Dwie dubeltówki Darryl
50%
Kamienne pięści Rosa
48%
Pistolet laserowy 8-bit
37%
Pięściołomoty Sam
37%
Iskry z palców Stu
36%
Wybuchająca krótkofalówka Grom
29%
Magiczny dym Gene
27%
Fale dźwiękowe Janet
27%
Fale uderzeniowe Nita
23%
Świetlne kule Nani
14%
Pistolet natryskowy Otis
13%
Gwiezdny Pistolet Pułkownik Ruffs
8%
Nie znaleziono quizów pasujących do podanych kryteriów
Rozkład punktacji
Procent ludzi z każdym wynikiem
Percentyl według liczby udzielonych odpowiedzi
Twoja historia wyników
Nie rozwiązałeś tego quizu